KRAUSE & MAHAN'S FOOD THE NUTRITION CARE PROCESS (Record no. 21993)

MARC details
000 -LEADER
fixed length control field 00368nam a22001577a 4500
003 - CONTROL NUMBER IDENTIFIER
control field SGT
020 ## - INTERNATIONAL STANDARD BOOK NUMBER
International Standard Book Number 9780323749626
082 ## - DEWEY DECIMAL CLASSIFICATION NUMBER
Classification number 612.3
Item number K21R
100 ## - MAIN ENTRY--PERSONAL NAME
Personal name RAYMOND, JANICE L.
245 ## - TITLE STATEMENT
Title KRAUSE & MAHAN'S FOOD THE NUTRITION CARE PROCESS
250 ## - EDITION STATEMENT
Edition statement 15TH
260 ## - PUBLICATION, DISTRIBUTION, ETC. (IMPRINT)
Place of publication, distribution, etc MISSOURI
Name of publisher, distributor, etc ELSEVIER PUB
Year of Publication 2021
300 ## - PAGE DESCRIPTION
No. of Pages 1195
650 ## - SUBJECT ADDED ENTRY--TOPICAL TERM
Topical term or geographic name as entry element NUTRITION
942 ## - ADDED ENTRY ELEMENTS (KOHA)
Source of classification or shelving scheme Dewey Decimal Classification
Koha item type Books
Holdings
Withdrawn status Lost status Source of classification or shelving scheme Damaged status Not for loan Collection code Home library Current library Shelving location Date acquired Vendor Name Volume Information (Serial or Books or Non-Book Material) SGTU Bill Number Total Checkouts Full call number Accession No. (Barcode) Date last seen Bill Date Koha item type
    Dewey Decimal Classification   Not For Loan MEDICAL SGT Medical Library SGT Medical Library Reference Book 05/11/2021 ABC DELHI D-178.00 SGTU 13417   612.3 K21R FM12609 05/11/2021   Books
    Dewey Decimal Classification   Not For Loan MEDICAL SGT Medical Library SGT Medical Library Reference Book 05/11/2021 ABC DELHI D-178.00 SGTU 13417   612.3 K21R FM12610 05/11/2021   Books